ARRUPE JESUIT UNIVERSITY

CORONAVIRUS -STOP THE SPREAD - CLEAN,DISINFECT,COVER

Where to from here? (Record no. 120156)

MARC details
000 -LEADER
fixed length control field 00468nam a22001457a 4500
008 - FIXED-LENGTH DATA ELEMENTS--GENERAL INFORMATION
fixed length control field 140225b xxu||||| |||| 00| 0 eng d
020 ## - INTERNATIONAL STANDARD BOOK NUMBER
International Standard Book Number 978-1-84730-3257``
050 ## - LIBRARY OF CONGRESS CALL NUMBER
Classification number BT903.G76 2012
100 ## - MAIN ENTRY--PERSONAL NAME
Personal name Grogan, Brian S.J.
9 (RLIN) 8914
245 ## - TITLE STATEMENT
Title Where to from here?
Remainder of title the christian vision of life after death
Statement of responsibility, etc Brian Grogan SJ
260 ## - PUBLICATION, DISTRIBUTION, ETC. (IMPRINT)
Place of publication, distribution, etc Dublin
Name of publisher, distributor, etc Veritas
Date of publication, distribution, etc 2012
300 ## - PHYSICAL DESCRIPTION
Extent 198p. ;
Dimensions 22cm.
650 ## - SUBJECT ADDED ENTRY--TOPICAL TERM
Topical term or geographic name as entry element Future life
General subdivision Christianity
-- Healer
9 (RLIN) 8915
942 ## - ADDED ENTRY ELEMENTS (KOHA)
Source of classification or shelving scheme Library of Congress Classification
Item type Monograph ( Printed materials)
Holdings
Withdrawn status Lost status Source of classification or shelving scheme Damaged status Not for loan Collection code Home library Current library Shelving location Date acquired Total Checkouts Full call number Barcode Date last seen Date last borrowed Price effective from Koha item type
    Library of Congress Classification     Main Collection ARRUPE LIBRARY ARRUPE LIBRARY Main Collection 25/02/2014 1 BT903.G76 2012 46500002104 23/03/2020 19/12/2019 25/02/2014 Monograph ( Printed materials)

 

Arrupe Library. PO Box MP320 Mt Pleasant, Harare, Zimbabwe
263 242 745411|librarian@aju.ac.zw